000
00213nam a22000857a 4500
008
160716b xxu||||| |||| 00| 0 eng d
100
_9
2925
_a
Donald, G.M
245
_a
The Vicar's Daughter
260
_a
ILL
_b
Victor
_c
1985
999
_c
2490
_d
2490